| 000 | 00525nam a2200181 a 4500 | ||
|---|---|---|---|
| 005 | 20210219154507.0 | ||
| 008 | 030623s1976 mx r 000 0 spa d | ||
| 035 | _aUPN01000126507 | ||
| 049 | _aCG | ||
| 050 | 4 |
_aAC75 _bS4 no.242-243 |
|
| 100 | 1 | _aLiehr, Reinhard | |
| 245 | 1 | 0 |
_aAyuntamiento y oligarquía en Puebla, 1787-1810 / _cReinhard Liehr ; tr. Olga Hentsche. |
| 260 |
_aMéxico : _bSEP, _c1976. |
||
| 300 | _a2 v. | ||
| 440 | 0 |
_aSepSetentas ; _v242-243 |
|
| 651 | 4 |
_aPUEBLA - _xPOLITICA Y GOBIERNO |
|
| 905 | _aLibro | ||
| 999 |
_c98686 _d98686 |
||